12 ksiąg Pana Tadeusza - Statystyki

Ogólne statystyki
  • Ten quiz został rozwiązany 37 razy
  • Średni wynik to 5 z 12
Statystyki odpowiedzi
Hint Odpowiedź % Poprawnych
Księga XII Kochajmy się
71%
Księga I Gospodarstwo
54%
Księga VIII Zajazd
54%
Księga II Zamek
54%
Księga X Emigracja. Jacek
50%
Księga XI Rok 1812
46%
Księga III Umizgi
46%
Księga IX Bitwa
43%
Księga IV Dyplomatyka i łowy
39%
Księga VI Zaścianek
32%
Księga V Kłótnia
25%
Księga VII Rada
14%
Nie znaleziono quizów pasujących do podanych kryteriów
Rozkład punktacji
Procent ludzi z każdym wynikiem
Percentyl według liczby udzielonych odpowiedzi
Twoja historia wyników
Nie rozwiązałeś tego quizu